Historia comparada de las religiones / (Record no. 195936)

MARC details
000 -LEADER
campo de control de longitud fija 01151nam a22003255a 4500
001 - NÚMERO DE CONTROL
campo de control 195936
003 - IDENTIFICADOR DE NÚMERO DE CONTROL
campo de control ES-MaACL
005 - FECHA Y HORA DE LA ÚLTIMA TRANSACCIÓN
campo de control 20250912122412.0
007 - CAMPO FIJO DE DESCRIPCIÓN FÍSICA--INFORMACIÓN GENERAL
campo de control de longitud fija ta
008 - DATOS DE LONGITUD FIJA--INFORMACIÓN GENERAL
campo de control de longitud fija 240803s1982 sp 000 0 spa d
017 ## - NÚMERO DE COPYRIGHT O DE DEPÓSITO LEGAL
Número de copyright o de depósito legal M 32198-1982
020 ## - NÚMERO INTERNACIONAL ESTÁNDAR DEL LIBRO
Número Internacional Estándar del Libro 8485316800
035 ## - NÚMERO DE CONTROL DEL SISTEMA
Número de control de sistema Rebiun08692398
040 ## - FUENTE DE CATALOGACIÓN
Centro catalogador/agencia de origen ES-BlULI
Lengua de catalogación spa
Centro/agencia transcriptor ES-MaACL
100 1# - ENTRADA PRINCIPAL--NOMBRE DE PERSONA
Nombre de persona Alfonso, Eduardo,
Fechas asociadas al nombre 1896-1991
9 (RLIN) 19848
245 10 - MENCIÓN DEL TÍTULO
Título Historia comparada de las religiones /
Mención de responsabilidad, etc. Eduardo Alfonso
260 ## - PUBLICACIÓN, DISTRIBUCIÓN, ETC.
Lugar de publicación, distribución, etc. Madrid :
Nombre del editor, distribuidor, etc. Luis Carcamo,
Fecha de publicación, distribución, etc. DL1982
300 ## - DESCRIPCIÓN FÍSICA
Extensión 379 p.
Dimensiones 21 cm
336 ## - TIPO DE CONTENIDO
Fuente rdacontent
Término de tipo de contenido texto
337 ## - TIPO DE MEDIO
Fuente rdamedia
Nombre/término del tipo de medio sin mediación
338 ## - TIPO DE SOPORTE
Fuente rdacarrier
Nombre/término del tipo de soporte volumen
500 ## - NOTA GENERAL
Nota general Catalogación provisional. Signatura: N-9058. Depósito J.
650 04 - PUNTO DE ACCESO ADICIONAL DE MATERIA--TÉRMINO DE MATERIA
Término de materia o nombre geográfico como elemento de entrada Religiones-
Subdivisión geográfica España
9 (RLIN) 16820
852 ## - LOCALIZACIÓN
Ubicación ES-MaACL
Sublocalización o colección R.154338
Ubicación en estantería Depósito J
Número de control de estantería N-9058
Donativo/Legado Donación: E. Cortijo
Encuadernación Encuadernación rústica con solapas
itemnumber 204965
903 ## - NOMBRE PERSONAL DE DONANTE
a Cortijo Parralejo, Esteban,
d 1952-
e Donante
9 40933
942 ## - ELEMENTOS DE ENTRADA SECUNDARIOS (KOHA)
Fuente del sistema de clasificación o colocación Clasificación decimal universal
Tipo de ítem Koha Libro impreso
Suprimir en OPAC No
Holdings
Estatus retirado Estado de pérdida Fuente del sistema de clasificación o colocación Estado de daño No para préstamo Biblioteca de origen Biblioteca actual Ubicación en estantería Fecha de adquisición Fuente de adquisición Total de préstamos Signatura topográfica completa Código de barras Visto por última vez Precio de reemplazo Tipo de ítem Koha
    Clasificación decimal universal     Biblioteca del Ateneo de Madrid Biblioteca del Ateneo de Madrid Depósito J 05/04/2025 Donación   N-9058 101229575 05/04/2025 05/04/2025 Libro impreso